|
|
|
|
| LEADER |
00668nam a2200205Ia 4500 |
| 001 |
CTU_93456 |
| 008 |
210402s9999 xx 000 0 und d |
| 020 |
|
|
|c 648000
|
| 082 |
|
|
|a 005.13
|
| 082 |
|
|
|b D815
|
| 100 |
|
|
|a Dubois, Paul
|
| 245 |
|
0 |
|a MySQL certification study guide
|
| 245 |
|
0 |
|c Paul Dubois, Stefan Hinz, Carsten Pedersen
|
| 260 |
|
|
|a Indianapolis
|
| 260 |
|
|
|b MySQL
|
| 260 |
|
|
|c 2004
|
| 650 |
|
|
|a Electronic data processing personnel,SQL (computer program language),Database management
|
| 650 |
|
|
|x Certification,Examinations,Study guides,Examinations,Study guides
|
| 904 |
|
|
|i Giang
|
| 980 |
|
|
|a Trung tâm Học liệu Trường Đại học Cần Thơ
|